| 000 | 00418cam a2200169 4500 | ||
|---|---|---|---|
| 001 | D11621 | ||
| 008 | 090401t xxu||||| |||| 00| 0 eng d | ||
| 035 | _a(Sirsi) u98693 | ||
| 041 | _aeng | ||
| 050 | _a526.905 | ||
| 100 | _aJackson, John Eric | ||
| 245 | 4 | _aThe Survey Review; paper no A7 | |
| 350 | _a0 | ||
| 520 | _aIn: RICS. Land surveyors conference, March, 1968. 1968/52A | ||
| 942 | _n0 | ||
| 948 | _c04/03/1997 | ||
| 999 |
_c99216 _d99216 |
||